European Capitals With Four Letters - Statistics

General Stats
  • This quiz has been taken 799 times
  • The average score is 4 of 5
Answer Stats
capital % Correct
Rome
87%
Oslo
85%
Riga
80%
Bern
76%
Київ Kiev
66%
No matching quizzes found
Score Distribution
Percent of People with Each Score
Percentile by Number Answered
Your Score History
You have not taken this quiz